000 00265nam a2200121Ia 4500
008 240208s9999||||xx |||||||||||||| ||und||
082 _a242
_bOAT/T
100 _aOates, Robert M
245 4 _aThe Maharishi Effect
260 _c1985
300 _a128p
942 _cBK
999 _c42860
_d42860